000 00759 a2200241 4500
005 20251219165532.0
008 251219b |||||||| |||| 00| 0 eng d
020 _a9781032715216 (pbk)
037 _cTB
040 _aCRL
_cCRL
041 _2eng
_aeng
084 _aX:87 R5
_qCRL
100 _aAslett, Matthew
_9821980
245 _aFundamentals of effective mentorship
260 _aNew York, USA:
_bRoutledge,
_c2025.
300 _axiii, 179p.
365 _b34.99
_cUKP
650 _aLeadership
_9858266
650 _aEconomics
_9858267
650 _aOrganization
_9858268
942 _cTB
_2CC
_n0
_hX:87 R5
999 _c1435818
_d1435818